000 01276nam a22003137a 4500
003 OSt
005 20260324183056.0
008 260324b |||||||| |||| 00| 0 eng d
040 _cUIA
082 _aLic-FARM-25010
100 _aHernández Ruiz, Valeria
245 _aElaboración de una propuesta de guía de recomendaciones para el etiquetado de AINES, ANTIABÉTICOS y GASTROINTESTINALES en la Farmacia del Hospital Internacional La Católica enfocada en normas de seguridad y cumplimiento regulatorio para mejorar la administración y la adherencia a los fármacos prescritos durante el periodo de enero a junio del año 2025.
_b/ Licenciatura Farmacia (Internado)
260 _aSan José, C.R.
_bUIA
_c2025
300 _a88 p.
500 _aLicenciatura Farmacia (Internado) / I Cuatrimestre 2025
650 _aFARMACIA
650 _aINTERNADO
650 _aAINES
650 _aETIQUETADO
650 _aFÁRMACOS
650 _aNORMAS DE SEGURIDAD
650 _aADMINISTRACIÓN
650 _aPRESCRIPCIÓN
650 _aADHERENCIA
650 _aHOSPITAL INTERNACIONAL LA CATÓLICA
700 _aTutora: Dra. María José Solano Chinchilla
856 _yhttp://repositorio.uia.ac.cr/items/a090fe0b-7043-4c78-9899-5597d9beddf5
942 _2ddc
_cTFG
999 _c11258
_d11258